Η ζωή μου
Αποθηκεύτηκε σε:
| Κύριος συγγραφέας: | |
|---|---|
| Άλλοι συγγραφείς: | |
| Μορφή: | Βιβλίο |
| Γλώσσα: | Greek Russian |
| Δημοσίευση: |
Αθήνα :
Θεωρία,
1985.
|
| Σειρά: | Μικρή λογοτεχνική σειρά
|
| Θέματα: | |
| Ετικέτες: |
Προσθήκη ετικέτας
Δεν υπάρχουν, Καταχωρήστε ετικέτα πρώτοι!
|
MARC
| LEADER | 00000cam a2200000 a 4500 | ||
|---|---|---|---|
| 001 | 1/124123 | ||
| 008 | 220112s1985####gr | ||| |||| ||gre|| | ||
| 040 | |a GR-MyUa |b gre |c GR-MyUa |e AACR2 | ||
| 041 | 1 | |a gre |h rus | |
| 082 | 7 | |a 891.73 |2 (23) | |
| 100 | 1 | |a Tolstoy, Leo, |c graf, |d 1828-1910. | |
| 245 | 1 | 2 | |a Η ζωή μου / |c Λέον Τολστόϊ ; μετάφραση Γαλάτεια Καζαντζάκη. |
| 260 | |a Αθήνα : |b Θεωρία, |c 1985. | ||
| 300 | |a 132 σ. ; |c 20 εκ. | ||
| 490 | 1 | |a (Μικρή λογοτεχνική σειρά) | |
| 650 | 0 | |a Russian fiction | |
| 700 | 1 | |a Καζαντζάκη, Γαλάτεια, |d 1886-1962, |e trlf | |
| 830 | 0 | |a Μικρή λογοτεχνική σειρά | |
| 852 | |a INST |b LESVOS |e 20220112 |h 891.73 TOL |p 005100063753 |q 005100063753 |t BK |y 0 | ||
| 970 | |a Καμάτσου |b Δέσποινα |z 12-01-2022 | ||